書影から新書レーベルを当てる - Statistics

General Stats
  • This quiz has been taken 8 times
  • The average score is 5 of 20
Answer Stats
Picture Hint Answer % Correct
1988年からは創刊当時と同じ赤色に統一されています 岩波新書
100%
『教養主義の没落』『言語の本質』など 中公新書
86%
色彩豊かな正方形が特徴的 講談社現代新書
57%
キャッチコピーは「科学をあなたのポケットに。」 講談社ブルーバックス
43%
『現代語訳 論語と算盤』『完全教祖マニュアル』など ちくま新書
29%
『バッタを倒すぜアフリカで』など 光文社新書
29%
『さおだけ屋はなぜ潰れないのか?』など 星海社新書
29%
『ケーキの切れない非行少年たち』『スマホ脳』など 新潮新書
29%
『聞く力』『漢字と日本人』など 文春新書
14%
ヤングアダルト層を対象に刊行されています ちくまプリマー新書
14%
ぶっちゃけ書いてあります 文庫クセジュ
14%
『なぜ働いていると本が読めなくなるのか』など 集英社新書
14%
『ルポ 若者流出』『訂正する力』など 朝日新書
0%
白部分が黒になったり、オレンジ部分が黄緑になったりもします 扶桑社新書
0%
『裁判官の爆笑お言葉集』『家族という病』など 幻冬舎新書
0%
ここに並んでいる中では最も新しいレーベルです ハヤカワ新書
0%
『科学コミュニケーション』『「遠野物語」を読み解く』など 平凡社新書
0%
『公共貨幣入門』『戦争と農業』など インターナショナル新書
0%
比較的中高年を対象としています 角川新書
0%
最近は蔦屋重三郎まわりが手厚いです NHK出版新書
0%
No matching quizzes found
Score Distribution
Percent of People with Each Score
Percentile by Number Answered
Your Score History
You have not taken this quiz